| 000 | 00343nam a22001337a 4500 | ||
|---|---|---|---|
| 020 | _qPB. | ||
| 040 | _cFIZZA ISHAQ | ||
| 082 |
_a551.49 _bCHE |
||
| 100 |
_aBEAR,JACOB CHENG. _990697 |
||
| 245 |
_aMODELING GROUND WATER FLOW AND CONTAMINANT TRANSPORT / _cCHENG JACOB BEAR. |
||
| 260 |
_aSSBM ; _c2010. |
||
| 300 | _a834 P. ; | ||
| 942 |
_2ddc _cBK |
||
| 999 |
_c588905 _d588905 |
||